000 00846nam a22002297a 4500
999 _c64094
_d64094
005 20240530110714.0
008 180213s2016 ua a g 000 0 ara d
017 _a2015/23936
_bمصر. دار الكتب
020 _a9789773881361
040 _aEG-CaGPL
_cEG-CaGPL
082 0 4 _221
_a324.2/
_bهـ ت
100 0 _aهشام محمود الاقداحى
245 1 2 _aالتنظيمات الحزبية فى الدول النامية /
_cهشام محمود الاقداحى .
250 _aط. 1
260 _aالقاهرة :
_bمؤسسة شباب الجامعة ،
_c2016.
300 _a220 ص. ؛
_c24 سم.
504 _aببليوجرافية : ص 213 - 216
650 0 7 _2qrmak
_aالاحزاب السياسية
651 0 7 _2qrmak
_aالدول النامية
942 _2ddc
_cBK